000 00515nam a22001932 4500
001 0000001648
005 20170406113615.0
008 140123s xx 000 0 eng d
020 _c$
040 _aYour Holding Symbol
_cYour Holding Symbol
100 1 _aApostle.G,Hippocrates.
245 1 0 _aAristotle :
_bselected works.
250 _a3rd ed.
260 _aGrinnell :
_bThe peripatetic,
_c1983.
300 _a723 p. ;
_c cm.
504 _aindex.
650 0 _apyilosophy.
908 _a140123
999 _c1560
_d1560